000 01827cam a22003974a 4500
001 13933338
003 ARRUPE
005 20140317143743.0
008 050418s2006 maua b 001 0 eng
010 _a 2005010994
020 _a1405120223 (hbk. : alk. paper)
020 _a1405120231 (pbk. : alk. paper)
020 _a9781405120227
_c(hbk. : alk. paper)
020 _a9781405120234
_c(pbk. : alk. paper)
035 _a(OCoLC)ocm59818007
040 _aDLC
_cDLC
_dOCLCQ
_dBAKER
_dBWKUK
_dIXA
_dOCLCQ
_dUBY
_dOCLCQ
_dDLC
042 _apcc
050 0 0 _aN66
_b.D32 2006
082 0 0 _a701
_222
100 1 _aDavies, Stephen,
_d1950-
_99096
245 1 4 _aThe philosophy of art /
_cStephen Davies.
260 _aMalden, MA ;
_aOxford :
_bBlackwell Pub.,
_c2006.
300 _ax, 239 p. :
_bcol. ill. ;
_c24 cm.
440 0 _aFoundations of the philosophy of the arts
_99097
504 _aIncludes bibliographical references and index.
504 _aIncludes bibliographical references and index.
505 0 _aEvolution and culture -- Defining art -- Aesthetics and the philosophy of art -- Varieties of art -- Interpretation -- Expression and emotional responses -- Pictorial representation and the visual arts -- The value of art.
650 0 _aAesthetics.
_99098
651 0 _aArt
_xPhilosophy.
_99099
856 4 1 _3Table of contents
_uhttp://www.loc.gov/catdir/toc/ecip0511/2005010994.html
856 4 2 _3Contributor biographical information
_uhttp://www.loc.gov/catdir/enhancements/fy0802/2005010994-b.html
856 4 2 _3Publisher description
_uhttp://www.loc.gov/catdir/enhancements/fy0802/2005010994-d.html
906 _a7
_bcbc
_corignew
_d1
_eecip
_f20
_gy-gencatlg
942 _2lcc
_cMONOGRAPH
999 _c120204
_d120204